000 00492nam a2200181 a 4500
005 20240911064134.0
008 991125s1983 bar 000 0 spa u
035 _aUPN01000010602
049 _aCG
050 4 _aHB501
_bF5.3 1983
100 1 _aFioravanti, Eduardo,
_d1941-
245 1 3 _aEl concepto de modo de producción /
_cEduardo Fioranti.
250 _a3a ed.
260 _aBarcelona, Esp. :
_bPenínsula,
_c1983.
300 _a284 p.
650 4 _aCapitalismo
_96436
905 _aLibro
999 _c10602
_d10602